History of printing and publishing in India: (Record no. 68894)

MARC details
000 -LEADER
fixed length control field 01102nam a22002297a 4500
005 - DATE AND TIME OF LATEST TRANSACTION
control field 20120806123137.0
010 ## - LCCN (DPL NO)
LC control number B-454831-832
020 ## - INTERNATIONAL STANDARD BOOK NUMBER
Terms of availability 150.00
International Standard Book Number 812372120X
035 ## - SYSTEM CONTROL NUMBER
System control number B-454831-832
037 ## - SOURCE OF ACQUISITION
Stock number dpl
Source of stock number/acquisition Allied Pub/Ven
082 ## - DEWEY DECIMAL CLASSIFICATION NUMBER
Classification number 686.20954
100 ## - MAIN ENTRY--PERSONAL NAME
Personal name Kesavan, B.S.
245 ## - TITLE STATEMENT
Title History of printing and publishing in India:
Remainder of title A story of culture Re-awakening/
Statement of responsibility, etc by B.S.Kesavan
260 ## - PUBLICATION, DISTRIBUTION, ETC. (IMPRINT)
Place of publication, distribution, etc New Delhi
Name of publisher, distributor, etc National Book Trust
Date of publication, distribution, etc 1997
270 ## - ADDRESS
Address A-5 Green Park
City New Delhi
300 ## - PHYSICAL DESCRIPTION
Extent 388 p.
Dimensions 23cm
500 ## - GENERAL NOTE
General note index
942 ## - ADDED ENTRY ELEMENTS (KOHA)
Source of classification or shelving scheme Dewey Decimal Classification
Item type English Books
Call number suffix KES
Classification part 686.20954
Holdings
Withdrawn status Lost status Not for loan Collection code Home library Current library Date acquired Source of acquisition Cost, normal purchase price Full call number Barcode Copy number Cost, replacement price Koha item type Public note
      Non-fiction Central Library Central Library 09/08/2012 Allied Pub/CR/0001155/27.09.2011/85/24.03.2011/30.11.2011 150.00 686.20954 KES B-454831 1 150.00 English Books  
      Non-fiction Sarojini Nagar Sarojini Nagar 09/08/2012 Allied Pub/CR/0001155/27.09.2011/85/24.03.2011/30.11.2011 150.00 686.20954 KES B-454832 1 150.00 English Books Withdran List Prepared L.No.16/24

© Delhi Public Library
Hit Counter
free hit counter